000 00614nam a22001817a 4500
999 _c19398
_d19398
003 AR-CdUCM
008 190517b ||||| |||| 00| 0 spa d
040 _aMUNICIPALIDAD PROVINCIAL DEL CUSCO
_cBIBLIOTECA MUNICIPAL DEL CUSCO
082 _a818.58 /
_bSI616
100 _aSinclair, Upton
_940717
245 _aUn mundo que ganar :
_bhistoria novelada /
260 _aBuenos Aires :
_bClaridad,
_c1952.
300 _a542 paginas ;
_c23 cm.
505 _aLa pedrea de esta despiadada tormenta -- Llega el momento de decidir -- El que cava un pozo...
650 _aNovela.
_95
942 _2ddc
_cLIBROS
945 _awfj